Score 0/8 Timer 02:00
4 Plays Today
% Correct
Saint Kitts and Nevis
72.1%
Switzerland
71.3%
South Africa
69.7%
Saint Vincent and the Grenadines
67.4%
São Tomé and Príncipe
59.5%
Solomon Islands
52.4%
Saudi Arabia
50.1%
Sierra Leone
32.5%

You're not logged in!

Compare scores with friends on all Sporcle quizzes.
OR
Log In

Sporcle TV

Today on Sporcle TV


Watch our educational content, quiz creation guides, and fun videos on Sporcle TV.

Show Comments

Extras

Top Quizzes Today


Score Distribution

Paid Content

Your Account Isn't Verified!

In order to create a playlist on Sporcle, you need to verify the email address you used during registration. Go to your Sporcle Settings to finish the process.

Report this User

Report this user for behavior that violates our Community Guidelines.

Details: